000
00321nam a2200121Ia 4500
008
150731s2014 xx 000 0 und d
082
_a
615.538
_b
V 14 T
100
_a
TREEPATHI,INDRDEV
245
_a
VYAADHNIGRH-CHAKHAMBHA AYURVEDA SAHITYA
260
_b
CHAUKHAMBHA PUB. NEW DELHI
_c
2014
300
_a
152
942
_2
ddc
_c
BK
999
_c
7718
_d
7718